| 000 | 01284nam a2200349 a 4500 | ||
|---|---|---|---|
| 001 | 30887 | ||
| 003 | BD-RJUL | ||
| 005 | 20211209051629.0 | ||
| 008 | 140412s19671710enk b 001 0 eng d | ||
| 020 | _a0006364004 | ||
| 035 | _aoxf98201056 | ||
| 035 | _a(BD-RJUL)30974 | ||
| 040 |
_aEEM _cEEM _beng |
||
| 041 | _aeng | ||
| 082 |
_a192 _bBEP 1967 |
||
| 100 | 1 |
_aBerkeley, George, _d1685-1753. _93159 |
|
| 245 | 1 | 4 |
_aThe principles of human knowledge : _cGeorge Berkeley ; edited with an introduction by G.J. Warnock _b Three dialogues between Hylas and Philonous / |
| 260 |
_aLondon : _bCollins, _cc1710[Impression1967] |
||
| 300 |
_a288 p. ; _c18 cm |
||
| 490 | 0 | _aFontana philosophy series | |
| 490 | 0 | _aThe Fontana library | |
| 500 | _aThe first essay was originally published under title: A treatise concerning the principles of human knowledge | ||
| 504 | _aIncludes bibliographical references and index | ||
| 650 | 0 |
_aKnowledge, Theory of _993844 |
|
| 650 | 0 |
_aIdealism _993845 |
|
| 650 | 0 |
_aSoul _93912 |
|
| 700 | 1 | 2 |
_aBerkeley, George, _d1685-1753. _tThree dialogues between Hylas and Philonous. _993846 |
| 700 | 1 |
_aWarnock, G. J. _q(Geoffrey James), _d1923- _92889 |
|
| 740 | 0 | 2 | _aThree dialogues between Hylas and Philonous |
| 942 |
_2ddc _cBK |
||
| 999 |
_c30887 _d30887 |
||